00689nam a22002057i 4500003000900000005001700009007000300026008004100029020001800070040003000088041000800118082000900126100004300135245009000178264009400268300003000362336002800392337003400420338002900454DO-SdBNP20241217111028.0ta240517b2023 dr ||||| |||| 00| 0 spa d a9789945187700 aDO-SdBNPbspacBNPHUerda aspa04a0b01 dCortorreal Pujols, Mayra,eautor4aut.10aVictoria Sabiduría y productividad para cada día 2024 /cMayra Cortorreal Pujols. 1aSanto Domingo, República Dominicana : bEdición y Distribución En Ciernes,c©2023. a532 páginas ; c23 cm.  atextobtxt2rdacontent  asin mediación bn2rdamedia avolumen bnc2rdacarrier